Biblioteka Instytutu Północnego w Olsztynie

NSZZ "Solidarność" w PKP w latach 1980-1989 : (Rekord nr 27798)

Szczegóły MARC
000 -Nagłówek
fixed length control field 02608cam a2200577 i 4500
001 - Nr kontrolny bibl., która utworzyła rek.
control field xx004925717
003 - Siglum bibl., której nr kontr. jest w 001
control field NUKAT
005 - Data i czas ostatniej operacji
control field 20260427113255.0
008 - Elementy pola stałej długości
fixed length control field 200814s2020 pl a |001 0 pol c
020 ## - ISBN
ISBN 9788380989009
dopowiedzenie (oprawa twarda) :
warunki dostępności zł 25,00
035 ## - Systemowy numer kontrolny
systemowy numer kontrolny (OCoLC)1192556348
035 ## - Systemowy numer kontrolny
systemowy numer kontrolny (NUKAT)xx004925717
040 ## - Instytucja sporządzająca opis
Instytucja, która sporządziła opis KAT U/DL
język katalgowania-trzyzn. kod pol
zasady opisu rda
Instytucja, która sporządziła rekord KAT U/DLs
Instytucja, która zmodyfikowała rekord KAT U/DL
-- WR O/KP
-- WA 14/MBs
-- OLSZT 008/bak
045 2# - Okres czasu dla zawartości
czas między r. 9999 pne a nasz. czas. d1980
-- d1989
046 ## - Kod rodz. daty, data1, data2 (daty pne)
Begin/single date 2020
100 1# - Hasło główne-nazwa osobowa
Nazwa osobowa Dworaczek, Kamil
Daty biograficzne (1985- ).
rodzaj współpracy Autor
9 (RLIN) 19225
245 10 - Tytuł właściwy i oznaczenie odpow.
tytuł NSZZ "Solidarność" w PKP w latach 1980-1989 :
dodatek do tytułu przykład Dolnośląskiej Dyrekcji Okręgowej Kolei Państwowych /
dod. inf. ze s. tyt./ozn. odpow. Kamil Dworaczek.
250 ## - Oznaczenie wydania
oznaczenie wydania Wydanie I.
260 ## - Adres wydawniczy
miejsce wydania, dystrybucji itp. Wrocław ;
-- Warszawa :
nazwa wydawcy, dystrybutora itp. Instytut Pamięci Narodowej. Komisja Ścigania Zbrodni Przeciwko Narodowi Polskiemu. Oddział we Wrocławiu,
data wydania, dystrybucji itp. 2020.
300 ## - Opis fizyczny
objętość i/lub forma materiału 160 stron :
inne szczegóły opisu fizycznego ilustracje ;
format 25 cm.
336 ## - Content Type
Term Tekst
Code txt
Source rdacontent
337 ## - Media Type
Term Bez urządzenia pośredniczącego
Code n
Source rdamedia
338 ## - Carrier Type
Term Wolumin
Code nc
Source rdacarrier
380 ## - Form of work
Form of work Książki
380 ## - Form of work
Form of work Publikacje naukowe
388 1# - TIME PERIOD OF CREATION
Time period of creation term 2001-
490 1# - Tytuł serii i ks. wielotom.-nie do wysz.
oznaczenie serii Opozycja w Polsce
490 1# - Tytuł serii i ks. wielotom.-nie do wysz.
oznaczenie serii Centralny Projekt Badawczy IPN Opozycja i Opór Społeczny w PRL 1956-1989
500 ## - Uwaga ogólna
uwaga ogólna Centralny Projekt Badawczy IPN, Opozycja i opór społeczny w PRL 1956-1989.
504 ## - Uwaga o bibliografii
uwaga o bibliografii Bibliografia na stronach 134-137. Indeks.
610 27 - Hasło przedmiotowe-nazwa ciała zbior.
nazwa ciała zbior. lub geogr. Dyrekcja Okręgowa PKP (Wrocław)
źródło hasła DBN
9 (RLIN) 40633
610 27 - Hasło przedmiotowe-nazwa ciała zbior.
nazwa ciała zbior. lub geogr. NSZZ "Solidarność"
źródło hasła DBN
9 (RLIN) 36385
610 27 - Hasło przedmiotowe-nazwa ciała zbior.
nazwa ciała zbior. lub geogr. Niezależny Samorządny Związek Zawodowy "Solidarność".
nazwa jednostki podrzędnej Region Dolny Śląsk.
źródło hasła kaba
9 (RLIN) 40636
648 #7 - SUBJECT ADDED ENTRY--CHRONOLOGICAL TERM
Chronological term 1901-2000
Source of heading or term DBN
9 (RLIN) 34996
648 #7 - SUBJECT ADDED ENTRY--CHRONOLOGICAL TERM
Chronological term 1945-1989
Source of heading or term DBN
9 (RLIN) 36043
650 #7 - Hasło przedmiotowe-nazwa pospolita
nazwa pospolita lub geogr. Kolejarze
źródło hasła DBN
9 (RLIN) 38953
650 #7 - Hasło przedmiotowe-nazwa pospolita
nazwa pospolita lub geogr. Opozycja polityczna nielegalna
źródło hasła DBN
9 (RLIN) 36914
650 #7 - Hasło przedmiotowe-nazwa pospolita
nazwa pospolita lub geogr. Ruchy społeczne
źródło hasła DBN
9 (RLIN) 36915
650 #7 - Hasło przedmiotowe-nazwa pospolita
nazwa pospolita lub geogr. Strajki
źródło hasła DBN
9 (RLIN) 40634
650 #7 - Hasło przedmiotowe-nazwa pospolita
nazwa pospolita lub geogr. Związki zawodowe
źródło hasła DBN
9 (RLIN) 37239
650 #7 - Hasło przedmiotowe-nazwa pospolita
nazwa pospolita lub geogr. Koleje
określnik rzeczowy strajki i lokauty
określnik geograficzny Polska
-- Śląsk, Dolny (region)
określnik chronologiczny 1970-2000.
źródło hasła kaba
9 (RLIN) 40635
651 #7 - Hasło przedmiotowe-nazwa geogr.
nazwa geograficzna Wrocław (woj. dolnośląskie)
źródło hasła DBN
9 (RLIN) 37057
655 #7 - Termin określający rodzaj/formę
rodzaj/forma Monografia
źródło terminu DBN
9 (RLIN) 35240
658 ## - Nazwa określająca cel programu nauczania
główny cel programu nauczania Historia
710 2# - Hasło dodatkowe - nazwa ciała zbior.
nazwa ciała zbior. lub nazwa geogr. Instytut Pamięci Narodowej - Komisja Ścigania Zbrodni przeciwko Narodowi Polskiemu.
rodzaj współpracy Instytucja sprawcza
9 (RLIN) 11792
710 2# - Hasło dodatkowe - nazwa ciała zbior.
nazwa ciała zbior. lub nazwa geogr. Instytut Pamięci Narodowej - Komisja Ścigania Zbrodni przeciwko Narodowi Polskiemu.
nazwa jednostki podrzędnej Oddział (Wrocław).
rodzaj współpracy Wydawca
kod rodzaju współpracy pbl
9 (RLIN) 14065
830 #0 - Hasło dod. serii i op. ks. wielotom. -tyt
tytuł Opozycja w Polsce
9 (RLIN) 14915
830 #0 - Hasło dod. serii i op. ks. wielotom. -tyt
tytuł Opozycja i Opór Społeczny w PRL 1956-1989
9 (RLIN) 40607
920 ## - ISBN
ISBN 978-83-8098-900-9 (oprawa twarda) : zł 25,00
942 ## - ADDED ENTRY ELEMENTS (KOHA)
Source of classification or shelving scheme Dewey Decimal Classification
Koha item type pozycje dostępne na miejscu
Egzemplarze
Status wycofania Status zagubienia Klasyfikacja Status uszkodzenia Blokada wypożyczeń Kolekcja Lokalizacja macierzysta Lokalizacja bieżąca Data nabycia Numer akcesji Źródło akcesji Cena Nr inwentarzowy il. wypożyczeń Sygnatura Kod kreskowy Date last seen Price effective from Typ egz.
    Dewey Decimal Classification nieuszkodzona   książka w magazynie Biblioteka Instytutu Północnego w Olsztynie Biblioteka Instytutu Północnego w Olsztynie 30/11/2020 D-36/2020 dar 25.00 59938   59938 IPWK24042 27/04/2026 27/04/2026 pozycje dostępne na miejscu
Biblioteka Instytutu Północnego, ul. Partyzantów 87, 10-402 Olsztyn, email: biblioteka(at)ip.olsztyn.pl